Geography Quiz

Random Geography or Asia Quiz
Score 0/10 Timer 08:00
5 Plays Today
% Correct
K2
87.7%
Noshaq
80%
Mount Ararat
78.5%
Mount Everest
76.9%
Makalu
70.8%
Puncak Jaya
66.2%
Mount Pinatubo
66.2%
Krakatoa
64.6%
Mount Tambora
58.5%
Jengish Chokusu
55.4%

You're not logged in!

Compare scores with friends on all Sporcle quizzes.
OR
Log In

Sporcle TV

Today on Sporcle TV


Watch our educational content, quiz creation guides, and fun videos on Sporcle TV.

Show Comments

Extras

Top Quizzes Today


Score Distribution

Paid Content

Your Account Isn't Verified!

In order to create a playlist on Sporcle, you need to verify the email address you used during registration. Go to your Sporcle Settings to finish the process.

Report this User

Report this user for behavior that violates our Community Guidelines.

Details: